Estadísticas para Nombres Más Populares En Argentina

Haz click aquí para intentar la prueba.

Estadísticas generales

  • Esta prueba ha sido intentada 160 veces
  • La puntuación promedio es 3 de 20

Estadísticas de respuestas

pistarespuesta% Correcto
Juan
82%
Martina
38%
ChicoMateo
30%
Thiago
17%
Victoria
15%
Delfina
13%
ChicaEmma
12%
Felipe
11%
Bautista
10%
Bruno
9%
Catalina
9%
Mia
9%
Ámbar
6%
Isabella
6%
Olivia
6%
Alma
2%
Benicio
2%
Ciro
2%
Noah
2%
Liam
0%

Distribución de puntuación

Porcentaje por número respondido

Porcentaje de gente con cada puntuación

Historial de tus puntuaciones

No has intentado esta prueba.